Online
Catalog

La bonificación en la empresa cooperativa : (Record no. 1888)

MARC details
000 -CABECERA
campo de control de longitud fija 01444nam a2200313 a 4500
001 - NÚMERO DE CONTROL
campo de control 000002023
005 - FECHA Y HORA DE LA ÚLTIMA TRANSACCIÓN
campo de control 20200929145814.0
008 - DATOS DE LONGITUD FIJA--INFORMACIÓN GENERAL
campo de control de longitud fija 090630s2008 dr 001 0 spa d
020 ## - NÚMERO INTERNACIONAL ESTÁNDAR DEL LIBRO
Número Internacional Estándar del Libro 9789993484424
040 ## - FUENTE DE LA CATALOGACIÓN
Centro catalogador/agencia de origen DO-SdBNP
Lengua de catalogación spa
Centro/agencia transcriptor BNPHU
082 ## - NÚMERO DE LA CLASIFICACIÓN DECIMAL DEWEY
Número de clasificación 334.097293
Número de documento/Ítem C313b
100 1# - ENTRADA PRINCIPAL--NOMBRE DE PERSONA
Nombre de persona Carrasco, Eddy,
Fechas asociadas al nombre 1940-
9 (RLIN) 6531
245 13 - MENCIÓN DE TÍTULO
Título La bonificación en la empresa cooperativa :
Resto del título cuando procede pagarse /
Mención de responsabilidad, etc. Eddy Carrasco ; prólogo Julio Anibal Suarez.
260 ## - PUBLICACIÓN, DISTRIBUCIÓN, ETC.
Lugar de publicación, distribución, etc. Santo Domingo :
Nombre del editor, distribuidor, etc. Diálogo,
Fecha de publicación, distribución, etc. 2008.
300 ## - DESCRIPCIÓN FÍSICA
Extensión 275 p. ;
Dimensiones 21 cm.
500 ## - NOTA GENERAL
Nota general Incluye datos biográficos del autor
500 ## - NOTA GENERAL
Nota general Incluye índice
504 ## - NOTA DE BIBLIOGRAFÍA, ETC.
Nota de bibliografía, etc. Bibliografía : p. 273-275
505 2# - NOTA DE CONTENIDO CON FORMATO
Título Antecedentes y base de sustentación --
-- Características de la empresa cooperativa --
-- Fundamentos legales, doctrinarios y jurisprudenciales de la bonificación --
-- La demanda, escritos, sentencias y recursos en materia de bonificación ante los organismos jurisdiccionales.
590 ## - NOTA LOCAL (RLIN)
Nota local 3 copias autografiadas por el autor
590 ## - NOTA LOCAL (RLIN)
Nota local Inventariado, 2018 /LP
650 #4 - PUNTO DE ACCESO ADICIONAL DE MATERIA--TÉRMINO DE MATERIA
Término de materia o nombre geográfico como elemento de entrada Cooperativas
Subdivisión geográfica República Dominicana.
9 (RLIN) 6532
650 #4 - PUNTO DE ACCESO ADICIONAL DE MATERIA--TÉRMINO DE MATERIA
Término de materia o nombre geográfico como elemento de entrada Administracion de cooperativas
Subdivisión geográfica República Dominicana.
9 (RLIN) 6533
650 #4 - PUNTO DE ACCESO ADICIONAL DE MATERIA--TÉRMINO DE MATERIA
Término de materia o nombre geográfico como elemento de entrada Sobresueldos por rendimiento
Subdivisión geográfica República Dominicana
9 (RLIN) 6534
650 #4 - PUNTO DE ACCESO ADICIONAL DE MATERIA--TÉRMINO DE MATERIA
Término de materia o nombre geográfico como elemento de entrada Incentivos en la industria
9 (RLIN) 6535
650 #4 - PUNTO DE ACCESO ADICIONAL DE MATERIA--TÉRMINO DE MATERIA
Término de materia o nombre geográfico como elemento de entrada Cooperativismo
Subdivisión geográfica República Dominicana.
9 (RLIN) 6536
700 1# - PUNTO DE ACCESO ADICIONAL--NOMBRE DE PERSONA
Nombre de persona Suarez, Julio Anibal,
Término indicativo de función/relación pról.
9 (RLIN) 6537
910 ## - DATOS DE OPCIÓN DEL USUARIO (OCLC)
Datos de opción del usuario Jornada de catalogación
Holdings
Estado de retiro Estado de pérdida Restricciones de uso No para préstamo Código de colección Localización permanente Ubicación/localización actual Ubicación en estantería Fecha de adquisición Número de inventario Total de préstamos Signatura topográfica completa Código de barras Fecha visto por última vez Número de copia Precio válido a partir de Tipo de ítem Koha
        Dominicana de Servicio General General Depósito 30.06.2009 LF1   334.097293 C313b 2023-30 25.06.2020 e. 3 25.06.2020 Libro y Folleto Colección Dominicana de Servicio
      Excluido de préstamo Patrimonio Dominicano Patrimonio Dominicano Patrimonio Dominicano Depósito 30.06.2009 LF1   334.097293 C313b 2023-10 25.06.2020   25.06.2020 Libro y Folleto Colección Patrimonio Dominicano
      Excluido de préstamo Patrimonio Dominicano Patrimonio Dominicano Patrimonio Dominicano Depósito 30.06.2009 LF1   334.097293 C313b 2023-20 25.06.2020 e. 2 25.06.2020 Libro y Folleto Colección Patrimonio Dominicano

Powered by Koha